Catálogo
 En Linea

Reglamento para el Consejo Directivo de la Facultad de Humanidades : (Registro nro. 48518)

Detalles MARC
000 -CABECERA
campo de control de longitud fija 00649nam a2200157 a 4500
001 - NÚMERO DE CONTROL
campo de control 000049030
005 - FECHA Y HORA DE LA ÚLTIMA TRANSACCIÓN
campo de control 20240307073949.0
008 - DATOS DE LONGITUD FIJA--INFORMACIÓN GENERAL
campo de control de longitud fija 150612s2004 dr 000 0 spa d
040 ## - FUENTE DE LA CATALOGACIÓN
Centro catalogador/agencia de origen DO-SdBNP
Lengua de catalogación spa
Centro/agencia transcriptor BNPHU
082 ## - NÚMERO DE LA CLASIFICACIÓN DECIMAL DEWEY
Número de clasificación xxx
Número de documento/Ítem xxx
110 1# - ENTRADA PRINCIPAL--NOMBRE DE ENTIDAD CORPORATIVA
Nombre de entidad corporativa o nombre de jurisdicción como elemento de entrada Universidad Autónoma de Santo Domingo
9 (RLIN) 72951
245 10 - MENCIÓN DE TÍTULO
Título Reglamento para el Consejo Directivo de la Facultad de Humanidades :
Resto del título aprobada su modificación en fecha 31 de julio del 2003 mediante resolución num. 132-03 Resolución no. 03-03, fecha 19 de noviembre, 2003.
260 ## - PUBLICACIÓN, DISTRIBUCIÓN, ETC.
Lugar de publicación, distribución, etc. Santo Domingo, República Dominicana :
Nombre del editor, distribuidor, etc. UASD,
Fecha de publicación, distribución, etc. 2004.
300 ## - DESCRIPCIÓN FÍSICA
Extensión 19 p. ;
Dimensiones 21 cm.
590 ## - NOTA LOCAL (RLIN)
Nota local Inventariado, 2019/VM
Existencias
Estado de retiro Estado de pérdida No para préstamo Código de colección Localización permanente Ubicación/localización actual Ubicación en estantería Fecha de adquisición Número de inventario Total de préstamos Signatura topográfica completa Código de barras Fecha visto por última vez Precio válido a partir de Tipo de ítem Koha
    Excluido de préstamo Patrimonio Dominicano Patrimonio Dominicano Patrimonio Dominicano Depósito 15.07.2019 LF2   xxx xxx 49031-10 25.06.2020 25.06.2020 Libro y Folleto Colección Patrimonio Dominicano

Con tecnología Koha